Loading...

Quantum state diffusion /

Bibliographic Details
Main Author: Percival, Ian
Format: Printed Book
Language:English
Published: Cambridge : Cambridge University Press, 1998.
Subjects:
LEADER 00521nam a2200145Ia 4500
008 150624b xxu||||| |||| 00| 0 eng d
082 |a 530.12 
100 |a Percival, Ian 
245 |a Quantum state diffusion /  |c Ian Percival 
260 |a Cambridge :  |b Cambridge University Press,  |c 1998. 
300 |a 184 p. 
650 |x Quantum theory. 
942 |c BK 
999 |c 49858  |d 49858 
952 |0 0  |1 0  |4 0  |6 530_120000000000000_PER_Q  |7 0  |9 49836  |a UL  |b UL  |c ST1  |d 1999-07-27  |e AB   |l 0  |o 530.12 PER/Q  |p 72371  |r 2012-10-27  |v 2172.00  |w 2012-10-27  |y BK  |k BP 30.00